| 000 | 01111naa a22002777a 4500 | ||
|---|---|---|---|
| 001 | BR4200143 | ||
| 003 | BR-BrBNA | ||
| 005 | 20240918172804.0 | ||
| 007 | ta | ||
| 008 | 230509b bl.||||| |||| 00| 0 por d | ||
| 040 |
_aBR-BrBNA _bpor _cBiblioteca Nacional de Agricultura |
||
| 041 | _a(Pt) | ||
| 072 |
_aK50 _b2590 _b8908 |
||
| 090 | _aK50 BR4200143 | ||
| 100 | 1 | _aSchneider, H.S. | |
| 111 | 1 |
_a3. Congresso Sul-Americano de Quimica _cRio de Janeiro, GB (Brazil); Sao Paulo, SP (Brazil) _d8 Jul 1937 |
|
| 245 | 1 | _aGoma de angico [Piptadenia sp] | |
| 260 | 3 |
_aRio de Janeiro, GB (Brasil): _c1942. |
|
| 500 | _aIndustrias quimicas organicas, materias primas correspondentes, estatisticas, industrias de fermentacao Rio de Janeiro, GB (Brasil): 1942. p. 239-243 (BR4200143-AM)K50 | ||
| 650 | _aProducao vegetal | ||
| 650 | _aAngico | ||
| 650 | _aGoma | ||
| 773 | 0 |
_tIndustrias quimicas organicas, materias primas correspondentes, estatisticas, industrias de fermentacao _b _wK50 BR4200143 _gRio de Janeiro, GB (Brasil), 1942. p. 239-243 |
|
| 909 |
_a202404 _bLucia _c55 _dLucia Elande |
||
| 942 |
_cAM _2AGRIS |
||
| 999 |
_c301505 _d301505 |
||